Guión del movimiento sindical en El Salvador (primera parte: 1918-1958) /
Salvato in:
| Autore principale: | |
|---|---|
| Altri autori: | |
| Natura: | testo |
| Pubblicazione: |
s.c.e:
Comisión de Estudio y Educación del CC del PCS
|
| Tags: |
Aggiungi Tag
Nessun Tag, puoi essere il primo ad aggiungerne!!
|
MARC
| LEADER | 00000 a a2200000 04500 | ||
|---|---|---|---|
| 001 | 16603 | ||
| 003 | |||
| 040 | |||
| 090 | |a EXTRAVIADO | ||
| 100 | |a Cayetano Carpio, Salvador | ||
| 245 | |a Guión del movimiento sindical en El Salvador (primera parte: 1918-1958) / |c Salvador Cayetano Carpio | ||
| 260 | |a s.c.e: |b Comisión de Estudio y Educación del CC del PCS | ||
| 300 | |a 65 p. | ||
| 700 | |a Arias Gómez, Jorge | ||
| 999 | |c 16803 |d 16803 | ||
